<?xml version="1.0" encoding="UTF-8"?><?xml-stylesheet type="text/xsl" href="static/style.xsl"?><OAI-PMH xmlns="http://www.openarchives.org/OAI/2.0/" xmlns:xsi="http://www.w3.org/2001/XMLSchema-instance" xsi:schemaLocation="http://www.openarchives.org/OAI/2.0/ http://www.openarchives.org/OAI/2.0/OAI-PMH.xsd"><responseDate>2026-06-06T03:37:30Z</responseDate><request verb="GetRecord" identifier="oai:riuma.uma.es:10630/10473" metadataPrefix="marc">https://riuma.uma.es/rest/oai/request</request><GetRecord><record><header><identifier>oai:riuma.uma.es:10630/10473</identifier><datestamp>2026-02-03T11:05:39Z</datestamp><setSpec>com_10630_2254</setSpec><setSpec>col_10630_37953</setSpec></header><metadata><record xmlns="http://www.loc.gov/MARC21/slim" xmlns:dcterms="http://purl.org/dc/terms/" xmlns:doc="http://www.lyncode.com/xoai" xmlns:xsi="http://www.w3.org/2001/XMLSchema-instance" xsi:schemaLocation="http://www.loc.gov/MARC21/slim http://www.loc.gov/standards/marcxml/schema/MARC21slim.xsd">
   <leader>00925njm 22002777a 4500</leader>
   <datafield ind2=" " ind1=" " tag="042">
      <subfield code="a">dc</subfield>
   </datafield>
   <datafield ind2=" " ind1=" " tag="720">
      <subfield code="a">García-Galindo, Juan Antonio</subfield>
      <subfield code="e">author</subfield>
   </datafield>
   <datafield ind2=" " ind1=" " tag="720">
      <subfield code="a">López-Romero, Laura</subfield>
      <subfield code="e">author</subfield>
   </datafield>
   <datafield ind2=" " ind1=" " tag="720">
      <subfield code="a">Novas-Martín, Genoveva</subfield>
      <subfield code="e">author</subfield>
   </datafield>
   <datafield ind2=" " ind1=" " tag="260">
      <subfield code="c">2015-10-07</subfield>
   </datafield>
   <datafield ind2=" " ind1=" " tag="520">
      <subfield code="a">Esta investigación se inserta en la línea de los estudios sobre la represión política durante la guerra civil española, y conecta con los trabajos sobre el martirilogio de periodistas, que en los años setenta emprendiera el profesor José Altabella.&#xd;
La presente investigación ubica su estudio en la ciudad de Málaga, y tiene como finalidad reconstruir las circunstancias que llevaron a la detención y asesinato de Eduardo León y Serralvo, director del diario conservador El Cronista, en septiembre de 1936; y al arresto y posterior ejecución de Rosendo Corripio Márquez, periodista de la Unión Mercantil y también del periódico republicano Julio, en el mes de julio de 1937. &#xd;
En este sentido, se pretende analizar este fenómeno en dos contextos sociopolíticos diferentes, divididos por la toma de la capital malagueña por las tropas de Franco el 8 de febrero de 1937. &#xd;
A través del estudio de la documentación judicial y hemerográfica se pretende ofrecer nuevas aportaciones a los estudios sobre la represión a periodistas en Andalucía.</subfield>
   </datafield>
   <datafield ind1="8" ind2=" " tag="024">
      <subfield code="a">http://hdl.handle.net/10630/10473</subfield>
   </datafield>
   <datafield tag="653" ind2=" " ind1=" ">
      <subfield code="a">Persecuciones políticas - Congresos</subfield>
   </datafield>
   <datafield tag="653" ind2=" " ind1=" ">
      <subfield code="a">España - Historia - 1936-1939 (Guerra civil) - Periodistas - Congresos</subfield>
   </datafield>
   <datafield ind2="0" ind1="0" tag="245">
      <subfield code="a">La represión de periodistas durante la guerra civil española: los casos de Eduardo León y Serralvo y de Rosendo Corripio Márquez (1936-1937)</subfield>
   </datafield>
</record>
</metadata></record></GetRecord></OAI-PMH>